| 000 | 00944nam a2200229 a 4500 | ||
|---|---|---|---|
| 001 | 000470332 | ||
| 003 | AM-YeHGA | ||
| 005 | 20250617133829.0 | ||
| 008 | 031118s1979 ||| r 000 0 rus d | ||
| 040 | _aAM-YeHGA | ||
| 041 | 0 | _arus | |
| 100 | 1 | _aДальцева, Магдалина Зиновьевна | |
| 245 | 1 | 0 |
_aСчастливый Кит : _bПовесть о С. Степняке-Кравчинском / _cМагдалина Дальцева. |
| 260 |
_aМосква : _bПолитиздат, _c1979. |
||
| 300 |
_a335 с. : _b[1] л. портр., [6] л. ил. |
||
| 440 | 0 | _aПламенные революционеры | |
| 600 | 1 | 4 | _aСтепняк-Кравчинский, Сергей Михайлович |
| 653 | 0 | _aНародники (х. л.) | |
| 653 | 0 | _aРеволюционное движение в России, 19 в. (х. л.) | |
| 653 | 0 | _aПисатели русские (х. л.) | |
| 090 | _c173321 | ||
| 999 |
_c171883 _d171883 |
||